000 00419nam a2200169Ia 4500
005 20140402150904.0
008 140130s9999 xx 000 0 und d
050 _aPZ 7
_b.C8358Mam 1993
245 _cCowen-Fletcher
_aMama Zooms
260 _bScholastic,
_c1993
300 _a1 v. (unpaged) :
_bcol. ill. ;
_c27 cm.
440 _v1
_931174
521 _aG5
526 _c750
942 _cBK
_2lcc
999 _c41090
_d41090